Fußballer: Fünf Spieler, wo haben alle fünf gespielt? (Teil 3) - Statistiken

Allgemein
  • Dieses Quiz wurde 274 mal gespielt
  • Das Durchschnittsergebnis liegt bei 12 aus 20
Antwortstatistiken
Spieler 1 Spieler 2 Spieler 3 Spieler 4 Spieler 5 Verein % Korrekt
Emile Mpenza Leroy Sane Roque Santa Cruz Pablo Zabaleta Patrick Vieira Manchester City
90%
Luis Suarez Ryan Babel Emre Can Didi Hamann Philipp Degen Liverpool
84%
Diego Maradona Gonzalo Higuain Jorginho Fabio Cannavaro Diego Demme SSC Neapel
81%
Mohamed Salah Walter Samuel Antonio Rüdiger Christian Chivu Medhi Benatia AS Rom
72%
Hasan Salihamidzic Benedikt Höwedes Kingsley Coman Diego Adrian Mutu Juventus Turin
71%
Ola Toivonen Markus Rosenberg Emil Forsberg Zlatan Ibrahimovic Hugo Larsson Malmö
70%
Neven Subotic Max Kruse Sebastian Polter Chinedu Ede Grischa Prömel Union Berlin
68%
Uwe Hünemeier Sven Michel Mahir Saglik Moritz Stoppelkamp Marvin Bakalorz SC Paderborn
67%
Clement Lenglet Sergio Ramos Jose Antonio Reyes Quincy Promes Dani Alves FC Sevilla
66%
Marcel Heller Hamit Altintop Sandro Wagner Konstantin Rausch Jerome Gondorf Darmstadt
64%
Antonio Cassano Philippe Senderos Marcio Amoroso David Beckham Simon Kjaer AC Mailand
60%
Johannes Geis Gerald Asamoah Niklas Füllkrug Mergim Mavraj David Raum Greuther Fürth
59%
Josip Juranovic Kieran Tierney Jeremie Frimpong Henrik Larsson Virgin van Dijk Celtic Glasgow
57%
Douglas Costa Willian Fernandinho Darijo Srna Mkhitaryan Schachtar Donezk
57%
Thierry Henry Andreas Wolf David Trezeguet Fernando Morientes Yannick Carrasco AS Monaco
54%
Ludwig Augustinsson Daniel Amartey Thomas Delaney Robert Skov Christian Poulsen FC Kopenhagen
54%
Cedric Brunner Sibusiso Zuma Gonzalo Castro Artur Wichniarek Rüdiger Kauf Arminia Bielefeld
51%
Uwe Möhrle Jari Litmanen Marco Vorbeck Stefan Beinlich Enrico Kern Hansa Rostock
43%
Robert Pires Diego Godin Juan Riquelme Forlan Antonio Rukavina FC Villarreal
30%
Uwe Neuhaus Halil Altintop Hamit Altintop Souleyman Sane Thorsten Fink Wattenscheid
25%
Keine übereinstimmenden Quizze gefunden
Verteilung der Resultate
Anzahl Personen mit jedem Resultat
Perzentil nach korrekt beantworteten Fragen
Ihre Resultats-Entwicklung
Sie haben dieses Quiz noch nicht gespielt